Response of rubber (Hevea brasiliensis) Muell Arg to applied potassium in India (Record no. 66857)

MARC details
000 -LEADER
fixed length control field 00411nam a2200109Ia 4500
100 ## - MAIN ENTRY--AUTHOR NAME
Personal name Punnoose K I
245 #0 - TITLE STATEMENT
Title Response of rubber (Hevea brasiliensis) Muell Arg to applied potassium in India
260 ## - PUBLICATION, DISTRIBUTION, ETC. (IMPRINT)
Name of publisher Potassium for plantation crops: Proceedings of symposium, 1990, Potash Research Institute of India, pp. 148-156
Year of publication 1990
700 ## - ADDED ENTRY--PERSONAL NAME
Personal name Mathew M
942 ## - ADDED ENTRY ELEMENTS (KOHA)
Koha item type Journals
Holdings
Withdrawn status Lost status Damaged status Not for loan Home library Current library Date acquired Koha item type
      Journals RRII Library RRII Library 17/12/2021 Journals